Geography Quiz

Random Geography or World Quiz

'H' World Metros Quiz Stats

 Plays Quiz Updated Nov 8, 2018

Support Sporcle.
Go Orange.
Score 0/20 Timer 07:00
7 Plays Today
Rank City % Correct
59Houston, USA
76.6%
148Hanoi, Vietnam
71.9%
157Hamburg, Germany
61.3%
43Hong Kong, China
59%
187Havana, Cuba
48.7%
50Ho Chi Minh City, Vietnam
46.5%
179Harare, Zimbabwe
41.2%
41Hyderabad, India
36.6%
207Hyderabad, Pakistan
36.6%
240Hiroshima, Japan
29.9%
Rank City % Correct
398Hartford, USA
26.5%
77Harbin, China
23.4%
86Hangzhou, China
23.1%
329The Hague, Netherlands
21.8%
187Hefei, China
12.7%
368Hohhot, China
9.3%
374Haikou, China
8.2%
408Hamamatsu, Japan
7.8%
258Huizhou, China
6.6%
321Huainan, China
6.2%

From the Vault

Least Religious Countries

by 31415926535

Don't let the church find out.
Remove Ads.
Support Sporcle.
Get the best of Sporcle when you Go Orange. This ad-free experience offers more features, more stats, and more fun while also helping to support Sporcle. Thank you for becoming a member.

Show Comments

Extras

Top Quizzes Today


Score Distribution

Your Account Isn't Verified!

In order to create a playlist on Sporcle, you need to verify the email address you used during registration. Go to your Sporcle Settings to finish the process.

Report this User

Report this user for behavior that violates our Community Guidelines.

Details: